Liquid crystals XIII : 2-5 August 2009, San Diego, California, United States (Record no. 233659)

MARC details
000 -LEADER
fixed length control field 00734nam a2200217Ia 4500
008 - FIXED-LENGTH DATA ELEMENTS--GENERAL INFORMATION
fixed length control field 191130s2009##################000#0#eng##
020 ## - INTERNATIONAL STANDARD BOOK NUMBER
ISBN 9780819477040
082 ## - DEWEY DECIMAL CLASSIFICATION NUMBER
Classification number 530.429 KHO
245 ## - TITLE STATEMENT
Title Liquid crystals XIII : 2-5 August 2009, San Diego, California, United States
Statement of responsibility, etc Iam Choon Khoo, editor ; sponsored and published by SPIE
260 ## - PUBLICATION, DISTRIBUTION, ETC. (IMPRINT)
Place of publication Bellingham, WA
Name of publisher SPIE
Year of publication c2009
300 ## - PHYSICAL DESCRIPTION
Number of Pages 1 v. (various pagings) : ill. ; 28 cm
500 ## - GENERAL NOTE
General note Includes bibliographical references and index
650 ## - SUBJECT ADDED ENTRY--TOPICAL TERM
Topical Term Liquid crystals - Congresses
700 ## - ADDED ENTRY--PERSONAL NAME
Personal name Khoo, Iam-Choon
710 ## - ADDED ENTRY--CORPORATE NAME
Corporate name or jurisdiction name as entry element SPIE (Society)
991 ## -
-- 383300
Holdings
Withdrawn status Lost status Damaged status Not for loan Home library Current library Shelving location Date acquired Full call number Accession Number Price effective from Koha item type
        Anna Centenary Library Anna Centenary Library 6TH FLOOR, B WING 13.10.2020 530.429 KHO 423777 13.10.2020 English Books

Find us on the map